Statistiques concernant Villes suisses par drapeau

Cliquez ici pour prendre le quiz!

Statistiques générales

  • Ce quiz a été pris 207 fois
  • Le résultat moyen est 6 sur 10

Statistiques - réponses

Réponse% Correct
Berne
96%
Genève
92%
Zurich
84%
Bâle
78%
Lucerne
69%
Lausanne
56%
Lugano
55%
Bienne
29%
Winterthour
20%
Saint-Gall
19%

Distribution des résultats

Percentile par nombre de réponses

% des personnes avec chaque résultat

Votre développement - résultats

Vous n’avez pas pris ce quiz